| 000 | 01296cam a2200385 a 4500 | ||
|---|---|---|---|
| 999 |
_c1259 _d1259 |
||
| 001 | 645457 | ||
| 003 | CaAEU | ||
| 005 | 20210624123215.0 | ||
| 008 | 891013s1987 ilua 1 0 eng d | ||
| 010 | _a 86083105 | ||
| 020 | _a0256036012 | ||
| 020 | _a0256041660 (solutions manual I) | ||
| 020 | _a0256060541 (solutions manual II) | ||
| 035 | _aocm17208081 | ||
| 040 |
_aDLC _beng _cDLC |
||
| 049 | _aAEU | ||
| 050 | 0 | 0 |
_aHF5635 _b.P975 1987b |
| 082 | 0 |
_a657 _219 |
|
| 090 | 0 | _aHF 5635 P99 1987a | |
| 245 | 0 | 0 |
_aFundamental accounting principles / _cKermit D. Larson ... [et al.]. |
| 250 | _a5th Canadian ed. | ||
| 260 |
_aHomewood, Ill. : _bIrwin, _c1987. |
||
| 300 |
_axvii, 1230 p. : _bill. ; _c25 cm. |
||
| 336 |
_atext _btxt _2rdacontent |
||
| 337 |
_aunmediated _bn _2rdamedia |
||
| 338 |
_avolume _bnc _2rdacarrier |
||
| 500 | _aIncludes index. | ||
| 500 | _aRev. ed. of: Fundamental accounting principles / William W. Pyle, Kermit D. Larson, Michael Zin. 4th ed. 1984. | ||
| 500 | _aSolutions manual I, chapters 1-14; solutions manual II, chapters 14-29. | ||
| 590 | _aAGL Petroleum Plaza: Inventory. Internal Audit. | ||
| 650 | 0 | _aAccounting. | |
| 700 | 1 | _aLarson, Kermit D. | |
| 700 | 1 |
_aPyle, William W. _tFundamental accounting principles. |
|
| 942 |
_2lcc _cBK _nMM |
||